000 00447nam a2200145Ia 4500
008 090124s9999 xx 000 0 und d
082 _b300883
245 _a गंध होता चंदनाला
250 _a1
260 _bअष्टीकर मंदाकिनी
_c1982
300 _a212
630 _a गंध होता चंदनाला
730 _a गंध होता चंदनाला
942 _cBOOK
999 _c190437
_d190437